000
00495nam a2200181Ia 4500
008
090124s9999 xx 000 0 und d
082
_b
121309
100
_a
गोळे गिरीश
245
_a
चुकलेली वाट
250
_a
1
260
_c
1986
300
_a
250
600
_a
गोळे गिरीश
630
_a
चुकलेली वाट
700
_a
गोळे गिरीश
730
_a
चुकलेली वाट
942
_c
BOOK
999
_c
167395
_d
167395